| 000 | 00420nam a2200145 a 4500 | ||
|---|---|---|---|
| 001 | 1477 | ||
| 003 | CDMR | ||
| 005 | 20130312182729.0 | ||
| 008 | 130130s1974||||||||||||||||||||||||||||d | ||
| 040 |
_aCDMR _bcat _cCDMR |
||
| 100 | 1 |
_aTuñon Suarez, Carlos _91122 |
|
| 245 | 1 | 0 |
_aHistoria de un periódico local (Diario de Villanueva y Villanueva y Geltru)... _cCarlos Tuñon Suarez |
| 260 |
_aBarcelona _c1974 |
||
| 942 |
_cTSN _2udc |
||
| 999 |
_c1477 _d1477 |
||